00569nam a2200181Ia 4500008004000000020001500040082001300055100003300068245005300101250000500154260004000159300001200199650002000211690001100231906001100242999001700253952011700270210210b1982 xxu||||| |||| 00| 0 eng d a047186840X a581 WEIB aWEIER (T Elliot) and others. aBotany: ans introduction to plant biology. Ed 6. a aNew YorkbJohn Wiley and Sonsc1982 axii,720 aPlant Biology  aBotany a045909 c95513d95513 001040708BiologyaALbALcBiologyd2021-02-17g0.00l0o581 WEIBp045909r2021-02-17 00:00:00w2021-02-17yBK